000 00530pab a2200181 454500
008 180718b2000 xxu||||| |||| 00| 0 eng d
100 _aHamilton, Diane
245 _aA decision model for integration across the business curriculum in the 21st century
260 _c2000
300 _ap.102-26
362 _aFeb
650 _aManagement education - 21st century
650 _aManagement education
700 _aMirchandani, Dilip
700 _aMcFarland, Dan
773 _aJournal of Management Education
909 _a44761
999 _c44761
_d44761